000 00707nam a22002777a 4500
001 BR9101288
003 BR-BrBNA
005 20230928093535.0
007 ta
008 230509b bl.||||| |||| 00| 0 por d
040 _aBR-BrBNA
_bpor
_cBiblioteca Nacional de Agricultura
041 _a(Por)
072 _aE14
_b/G514
090 _ E14 BR9101288
100 1 _aAnon.
245 1 _aRumos para o desenvolvimento da agricultura piauiense
260 3 _a[np](Brasil):
_c[nd].
300 _a22 p.
500 _aPublished 1985?
650 _aDESENVOLVIMENTO AGRICOLA
650 _aPOLITICA AGRICOLA
650 _aDIRETRIZ
650 _aPIAUI
909 _a202309
_bLucia
_c55
_dLucia Elande
942 _cBK
999 _c45584
_d45584